<?xml version="1.0" encoding="UTF-8"?>
<record
    xmlns:xsi="http://www.w3.org/2001/XMLSchema-instance"
    xsi:schemaLocation="http://www.loc.gov/MARC21/slim http://www.loc.gov/standards/marcxml/schema/MARC21slim.xsd"
    xmlns="http://www.loc.gov/MARC21/slim">

  <leader>00586nam a22001937a 4500</leader>
  <controlfield tag="005">20240301154438.0</controlfield>
  <datafield tag="010" ind1=" " ind2=" ">
    <subfield code="a">ENG-139100</subfield>
  </datafield>
  <datafield tag="020" ind1=" " ind2=" ">
    <subfield code="a">9788189323004</subfield>
    <subfield code="c">2000.00</subfield>
  </datafield>
  <datafield tag="035" ind1=" " ind2=" ">
    <subfield code="a">EN- 122632</subfield>
  </datafield>
  <datafield tag="037" ind1=" " ind2=" ">
    <subfield code="b">DBAD/PUB</subfield>
  </datafield>
  <datafield tag="082" ind1=" " ind2=" ">
    <subfield code="a">741.6740954</subfield>
  </datafield>
  <datafield tag="100" ind1=" " ind2=" ">
    <subfield code="a">Ray, Satyajit </subfield>
    <subfield code="9">62715</subfield>
  </datafield>
  <datafield tag="245" ind1=" " ind2=" ">
    <subfield code="a">The vision of ray:</subfield>
    <subfield code="b">cine posters and beyond/</subfield>
    <subfield code="c">By Satyajit Ray</subfield>
  </datafield>
  <datafield tag="260" ind1=" " ind2=" ">
    <subfield code="a">Kolkata </subfield>
    <subfield code="b">Pratikshan</subfield>
  </datafield>
  <datafield tag="270" ind1=" " ind2=" ">
    <subfield code="a">12B Beliaghata Road, </subfield>
    <subfield code="b">Kolkata </subfield>
    <subfield code="e">700015</subfield>
  </datafield>
  <datafield tag="300" ind1=" " ind2=" ">
    <subfield code="a">328p.</subfield>
    <subfield code="c">28 cm(Hb)</subfield>
  </datafield>
  <datafield tag="700" ind1=" " ind2=" ">
    <subfield code="a">Satyajit Ray &amp; Sandip Ray</subfield>
    <subfield code="9">61473</subfield>
  </datafield>
  <datafield tag="942" ind1=" " ind2=" ">
    <subfield code="2">ddc</subfield>
    <subfield code="c">EN</subfield>
    <subfield code="m">RAY</subfield>
    <subfield code="h">741.6740954</subfield>
  </datafield>
  <datafield tag="999" ind1=" " ind2=" ">
    <subfield code="c">200462</subfield>
    <subfield code="d">200462</subfield>
  </datafield>
  <datafield tag="952" ind1=" " ind2=" ">
    <subfield code="0">0</subfield>
    <subfield code="1">0</subfield>
    <subfield code="4">0</subfield>
    <subfield code="7">1</subfield>
    <subfield code="8">REF</subfield>
    <subfield code="a">ZLS</subfield>
    <subfield code="b">ZLS</subfield>
    <subfield code="d">2024-01-31</subfield>
    <subfield code="e">DBAD/PUB</subfield>
    <subfield code="g">2000.00</subfield>
    <subfield code="l">0</subfield>
    <subfield code="o">RAY 741.6740954</subfield>
    <subfield code="p">EN-122632</subfield>
    <subfield code="r">2024-01-31 00:00:00</subfield>
    <subfield code="t">1</subfield>
    <subfield code="v">2000.00</subfield>
    <subfield code="w">2024-01-31</subfield>
    <subfield code="y">EN</subfield>
  </datafield>
</record>
